000 00813nam a2200205 i 4500
001 187707
003 ES-MaACL
005 20250826105954.0
008 180126s1944 sp |||| |bspa d
080 _a929 Torres y Harriet, Domingo
100 1 _aPemán, José María,
_d1897-1981
_990130
245 1 3 _aUn laureado civil
_b: vida y hazañas de Don Domingo de Torres en los días de la independencia de América /
_cJosé María Pemán.
260 _aMadrid :
_bEscelicer,
_c1944.
300 _a287 p. ;
_c20 cm.
490 1 _aPoesía y verdad ;
_v12
600 1 7 _aTorres y Harriet, Domingo de,
_d1780-1838
_2
_9164123
830 0 _aPoesía y verdad ;
_v12
_9184600
852 _aES-MaACL
_jL-31872
_z. - Donat. herederos de la bibl. de Mª del Pilar Costa Palacín
999 _c187707
_d187707